| 000 | 01702nam a2200325Ia 4500 | ||
|---|---|---|---|
| 999 |
_c54744 _d54744 |
||
| 001 | 21811 | ||
| 003 | GE_BSU | ||
| 005 | 20220519173416.0 | ||
| 008 | 181216s ||||ge |||||||||||||| ||geo|| | ||
| 020 | _a99940-39-68-7 | ||
| 040 | _cGE_BSU | ||
| 041 | _ageo | ||
| 080 | _a821.353.1(075.3) ლ-68 | ||
| 245 |
_aლიტერატურის სამყაროში : _bმე-6 კლასი / _cეთერი გულდამაშვილი, ნონა ლეიაშვილი, დალი ლორია, მიმოზა სოსელია ; მხატვ. ჯემალ ხუციშვილი. |
||
| 260 | _aთბილისი | ||
| 260 | _bინტელექტი | ||
| 260 | _c2005 | ||
| 300 |
_a183 გვ. : _bილ. ; _c29 მ. |
||
| 541 | _h15 ლ. | ||
| 653 | _aლიტერატურის სამყაროში | ||
| 653 | _aმე-6 კლასი | ||
| 653 | _aქართული ლიტერატურის სახელმძღვანელოები საშუალო სკოლებისათვის | ||
| 653 | _aსახელმძღვანელოები საშუალო სკოლებისათვის | ||
| 700 |
_aგულდამაშვილი, ეთერი _eავტორი _913788 |
||
| 700 |
_aლეიაშვილი, ნონა _eავტორი _913789 |
||
| 700 |
_aლორია, დალი _eავტორი _913791 |
||
| 700 |
_aსოსელია, მიმოზა _eავტორი _913790 |
||
| 700 |
_aხუციშვილი, ჯემალ _eმხატვარი _913792 |
||
| 942 |
_cBK _2udc |
||